000 01755nam0a2200349 4500
001 RU\NLR\BIBL_A\022191649
005 20250625153523.0
010 _a978-5-907816-36-7
_9500
035 _a(NLR Aleph) 022191649
090 _a13014850
_c13014850
100 _a20240409d2023 |||y0rusy50 ca
101 0 _arus
102 _aRU
105 _aa j 000zy
181 0 _ai
_baxxe
182 0 _an
200 1 _aМелиоративное и орошаемое земледелие
_eучебное пособие
_fВ. Н. Герасименко, Е. С. Бойко
_gМинистерство сельского хозяйства Российской Федерации, ФГБОУ ВО "Кубанский государственный аграрный университет имени И. Т. Трубилина"
203 _aТекст
_bвизуальный
_cнепосредственный
210 _aКраснодар
_cКубГАУ
_d2023
215 _a96 с.
_cил.
_d21
320 _aБиблиогр.: с. 93-94 (13 назв.)
606 1 _aМелиоративное земледелие
_jУчебные издания
_92500733
_3RU\NLR\AUTH\661483217
606 1 _aОрошаемое земледелие
_jУчебные издания
_92175447
_3RU\NLR\AUTH\661308401
686 1 _aП06я7
686 1 _aП14я7
686 1 _aП195я7
700 1 _aГерасименко
_bВ. Н.
_cканд. с.-х. наук
_gВиталий Николаевич
_9226236
_3RU\NLR\AUTH\770226292
701 1 _aБойко
_bЕ. С.
_cпреподаватель, агрометеорология
_gЕлена Сергеевна
_9226231
_3RU\NLR\AUTH\770226287
942 _cBOOK
980 _aNB